000 00345nas a2200157 a 4500
001 44892
003 114307
005 20201118102020.0
008 ||||||n9999 ||| || ||
041 _aeng
245 0 _aTime - Vol.150 No.27
260 _aEstados Unidos :
_bTime,
_c1997.
562 _e0
773 _021966
_aTime
942 _cSISS
999 _c44892
_d44892